Normal view
MARC view
Entry Personal Name
001 - CONTROL NUMBER
- control field: 81980
003 - CONTROL NUMBER IDENTIFIER
- control field: OSt
005 - DATE AND TIME OF LATEST TRANSACTION
- control field: 20231029112720.0
008 - FIXED-LENGTH DATA ELEMENTS
- fixed length control field: 231029|| aca||aabn | a|a d
040 ## - CATALOGING SOURCE
- Original cataloging agency: OSt
- Transcribing agency: OSt
100 ## - HEADING--PERSONAL NAME
- Personal name: Srivastava, Sagar RFO
670 ## - SOURCE DATA FOUND
- Source citation: Work cat.: (OSt)66239: Srivastava, Sagar RFO, MPPSC Mains Examination Series General Studies Paper 3 (Volume1 Unit1 to 5) Philosophy Psychology and Public Administration, 2022









